[Event "Elit(Limhamn-Eksjo)"]
[Site "?"]
[Date "2010.02.06"]
[Round "7"]
[White "Schneider, Stefan"]
[Black "Krantz, Christopher"]
[Result "1-0"]
[WhiteElo "2425"]
[BlackElo "2293"]
[PlyCount "97"]

1. d4 Nf6 2. Bg5 e6 3. e4 h6 4. Bxf6 Qxf6 5. c3 c5 6. Nf3 Nc6 7. e5 Qg6 8. g3
cxd4 9. Bd3 f5 10. cxd4 Bb4+ 11. Nc3 b6 12. d5 Ne7 13. Nh4 Qf7 14. d6 Bxc3+ 15.
bxc3 Ng6 16. Nxg6 Qxg6 17. Be2 O-O 18. f4 Qe8 19. Bf3 Rb8 20. O-O Bb7 21. Qa4
Bxf3 22. Rxf3 Rb7 23. Raf1 Qc8 24. h3 Qc5+ 25. Kh2 h5 26. Qa6 Qc6 27. Qe2 Kf7
28. Re3 Rh8 29. c4 b5 30. Rc1 Kg6 31. c5 b4 32. Qg2 Rc8 33. Rf3 Rb5 34. g4 hxg4
35. hxg4 Rh8+ 36. Rh3 Qxg2+ 37. Kxg2 Rc8 38. c6 Rxc6 39. Rxc6 dxc6 40. Rd3 Rb8
41. d7 Rd8 42. Rd6 c5 43. Rxe6+ Kf7 44. Rc6 Ke7 45. e6 fxg4 46. f5 c4 47. Rxc4
g6 48. fxg6 Kxe6 49. g7 1-0

[Event "Elit(Limhamn-Eksjo)"]
[Site "?"]
[Date "2010.02.06"]
[Round "7"]
[White "Ornstein, Axel"]
[Black "Penalver, Osmani"]
[Result "1-0"]
[WhiteElo "2426"]
[BlackElo "2312"]
[PlyCount "85"]

1. c4 Nf6 2. Nc3 e5 3. e3 Bb4 4. Nge2 b6 5. a3 Be7 6. d4 exd4 7. exd4 O-O 8.
Nf4 Bb7 9. Be2 Ne4 10. Ncd5 Bg5 11. Bf3 Re8 12. O-O c6 13. Nb4 Na6 14. Re1 Nd6
15. Rxe8+ Qxe8 16. Ne2 Qe7 17. Qd3 Re8 18. Nc2 Bxc1 19. Rxc1 Ne4 20. Re1 Ng5
21. Ng3 Qd8 22. Rxe8+ Qxe8 23. Bd1 Nc7 24. h4 Nge6 25. Nf5 Ba6 26. Qg3 Qd8 27.
Nce3 Ne8 28. d5 cxd5 29. cxd5 Nc5 30. b4 Ne4 31. Qe5 N4f6 32. d6 Qa8 33. b5 Bb7
34. Bb3 Qd8 35. f3 g6 36. Nh6+ Kg7 37. Nxf7 Qc8 38. Ng5 Qc5 39. Qe7+ Kh6 40. g4
Qc1+ 41. Kh2 Qd2+ 42. Kh3 Qxd6 43. Nf7+ 1-0

[Event "Elit(Limhamn-Eksjo)"]
[Site "?"]
[Date "2010.02.06"]
[Round "7"]
[White "Eklund, Joel"]
[Black "Thornert, Hakan"]
[Result "1/2-1/2"]
[WhiteElo "2273"]
[BlackElo "2215"]
[PlyCount "67"]

1. d4 d5 2. Bg5 f6 3. Bh4 Nh6 4. e3 Nf5 5. Bd3 Nxh4 6. Qh5+ Ng6 7. Bxg6+ hxg6
8. Qxh8 Bf5 9. Ne2 c6 10. O-O Qb6 11. c4 dxc4 12. Nbc3 Bd3 13. Nf4 Bxf1 14. Ne6
Nd7 15. Rxf1 Kf7 16. Ne4 Qxb2 17. Qh7 Qc2 18. f3 c3 19. h4 Qd3 20. Re1 c2 21.
Nf4 Qd1 22. Qxg6+ Kg8 23. Rxd1 cxd1=Q+ 24. Kh2 e6 25. Nh5 Kh8 26. Qf7 Qe1 27.
Nf4 Qxh4+ 28. Kg1 Qe1+ 29. Kh2 Qxe3 30. Nxe6 Qh6+ 31. Kg1 Qe3+ 32. Kh2 Qh6+ 33.
Kg1 Qe3+ 34. Kh2 1/2-1/2

[Event "Elit(Limhamn-Eksjo)"]
[Site "?"]
[Date "2010.02.06"]
[Round "7"]
[White "Andersson, Johan"]
[Black "Tadjerbashi, Amir"]
[Result "1/2-1/2"]
[WhiteElo "2090"]
[BlackElo "2246"]
[PlyCount "81"]
[EventDate "2010.??.??"]

1. e4 e5 2. Nf3 Nc6 3. d4 exd4 4. Nxd4 Bc5 5. Nb3 Bb6 6. a4 a6 7. Nc3 Nf6 8.
Bg5 h6 9. Bh4 g5 10. Bg3 d6 11. Qe2 Ne5 12. O-O-O Qe7 13. h4 Rg8 14. hxg5 hxg5
15. f3 Bd7 16. a5 Ba7 17. Bf2 Bxf2 18. Qxf2 O-O-O 19. Be2 Kb8 20. Rh6 Rh8 21.
Rdh1 Rxh6 22. Rxh6 Ng6 23. Qd4 Ka8 24. Bc4 Bc6 25. Qd2 g4 26. Nd4 Bd7 27. Qg5
Qe5 28. Qxe5 dxe5 29. Nf5 Rh8 30. Rxh8+ Nxh8 31. Nh6 gxf3 32. gxf3 Be6 33. Bxe6
fxe6 34. Kd2 Kb8 35. Na4 Ng6 36. Nc5 Nf8 37. Nf7 N8d7 38. Nxd7+ Nxd7 39. Ng5
Nf8 40. Nf7 Ng6 41. Ng5 1/2-1/2

[Event "Elit(Limhamn-Eksjo)"]
[Site "?"]
[Date "2010.02.06"]
[Round "7"]
[White "Holst, Conny"]
[Black "Gustafsson, Olof"]
[Result "1-0"]
[WhiteElo "2272"]
[BlackElo "2065"]
[PlyCount "71"]

1. d4 Nf6 2. c4 e6 3. Nc3 b6 4. e4 Bb7 5. f3 Bb4 6. Bg5 h6 7. Bh4 g5 8. Bf2 Nc6
9. Nge2 d5 10. cxd5 exd5 11. e5 Nh5 12. h4 Ng7 13. hxg5 Qxg5 14. a3 Bxc3+ 15.
bxc3 Na5 16. Qd3 Nc4 17. f4 Qf5 18. Qxf5 Nxf5 19. Ng3 Nfe3 20. Bxe3 Nxe3 21.
Kf2 Nxf1 22. Raxf1 Bc8 23. Rh4 Kf8 24. Rfh1 Kg7 25. f5 c5 26. Nh5+ Kf8 27. g4
cxd4 28. cxd4 Bb7 29. Nf4 Rc8 30. Rxh6 Rc2+ 31. Ke3 Rc3+ 32. Kd2 Rxh6 33. Rxh6
Rg3 34. Rh8+ Ke7 35. f6+ Kd7 36. e6+ 1-0

[Event "Elit(Farsta-Upsala)"]
[Site "?"]
[Date "2010.02.06"]
[Round "7"]
[White "Johansson, Jan"]
[Black "Hjelm, Niclas"]
[Result "1-0"]
[WhiteElo "2430"]
[BlackElo "2397"]
[PlyCount "75"]
[SourceDate "2010.02.10"]

1. d4 d5 2. c4 c6 3. Nf3 Nf6 4. Nc3 dxc4 5. a4 e6 6. Bg5 Bb4 7. e3 Qa5 8. Bxf6
Bxc3+ 9. bxc3 Qxc3+ 10. Nd2 gxf6 11. Bxc4 Nd7 12. O-O O-O 13. Rb1 Kh8 14. Rb3
Qa5 15. e4 Rg8 16. f4 Nb6 17. Rh3 Rg7 18. e5 f5 19. Bb3 Bd7 20. Nf3 Rag8 21.
Ng5 Rxg5 22. fxg5 Rg7 23. Qc1 Nd5 24. Qa3 Qd8 25. Bxd5 cxd5 26. Rg3 Bc6 27. h4
Rg8 28. a5 a6 29. Rgf3 h6 30. Rh3 Rg6 31. Rff3 Kg7 32. gxh6+ Kxh6 33. Rfg3 Rxg3
34. Qxg3 Kh7 35. Qf4 Qxa5 36. Rg3 Qe1+ 37. Kh2 Qe4 38. Qg5 1-0

[Event "Elit(Farsta-Upsala)"]
[Site "?"]
[Date "2010.02.06"]
[Round "7"]
[White "Backelin, Rikard"]
[Black "Marttala, Thomas"]
[Result "1-0"]
[WhiteElo "2428"]
[BlackElo "2294"]
[PlyCount "120"]

1. c4 Nf6 2. Nc3 e5 3. g3 Bb4 4. Bg2 O-O 5. e4 Nc6 6. Nge2 d6 7. O-O Bxc3 8.
Nxc3 Be6 9. d3 Nd7 10. f4 exf4 11. gxf4 f5 12. Nd5 a5 13. Bd2 Nc5 14. Bc3 Ne7
15. b3 c6 16. Nxe7+ Qxe7 17. Qd2 a4 18. b4 Nd7 19. Rae1 Qh4 20. e5 d5 21. cxd5
cxd5 22. Qe3 Qd8 23. Bd4 Rf7 24. Rc1 Rc8 25. a3 Nf8 26. Bc5 Ng6 27. Bb6 Qe8 28.
Rxc8 Qxc8 29. Rc1 Qe8 30. Rc5 Rd7 31. Qc1 Ne7 32. Bc7 Qh5 33. Bd6 h6 34. Bxe7
Rxe7 35. Qd2 Qf7 36. d4 Rd7 37. Qc2 g5 38. Qxa4 gxf4 39. Qb3 Kh7 40. Qf3 Qg8
41. Rc3 Rg7 42. Qf2 Qd8 43. Qxf4 Rg4 44. Qf2 Qg5 45. h3 Rf4 46. Qe3 Qh4 47. Rd3
Re4 48. Bxe4 dxe4 49. Rc3 Qd8 50. Kh2 Bd5 51. Rc5 b6 52. Rc1 Qh4 53. Qg3 Qg5
54. Rg1 f4 55. Qxg5 hxg5 56. Rxg5 e3 57. e6 f3 58. e7 Bc6 59. Kg3 f2 60. Rf5
Bb5 1-0

[Event "Elit(Farsta-Upsala)"]
[Site "?"]
[Date "2010.02.06"]
[Round "7"]
[White "Andersson, Fredrik"]
[Black "Ong, Kezli"]
[Result "1/2-1/2"]
[WhiteElo "2331"]
[BlackElo "2325"]
[PlyCount "67"]

1. e4 e5 2. Nf3 Nc6 3. Bb5 a6 4. Ba4 Nf6 5. O-O Be7 6. Re1 b5 7. Bb3 O-O 8. a4
Bb7 9. d3 d6 10. Nbd2 Re8 11. Nf1 Bf8 12. Ne3 Na5 13. Ba2 d5 14. axb5 axb5 15.
Bd2 b4 16. Nxd5 Nxd5 17. exd5 Bxd5 18. Rxe5 Rxe5 19. Nxe5 b3 20. Bb1 Nc6 21.
Rxa8 Qxa8 22. Nf3 Qa1 23. Bc3 Nb4 24. Ne1 bxc2 25. Nxc2 Qa4 26. Bxb4 Bxb4 27.
Ne3 Qd7 28. Nxd5 Qxd5 29. Bc2 Bc5 30. Bb3 Qe5 31. Qd2 Bd4 32. Qb4 g6 33. g3
Bxb2 34. Qd2 1/2-1/2

[Event "Elit(Farsta-Upsala)"]
[Site "?"]
[Date "2010.02.06"]
[Round "7"]
[White "Livner, Anders"]
[Black "Burwick, Malte"]
[Result "1-0"]
[WhiteElo "2396"]
[BlackElo "2270"]
[PlyCount "97"]

1. d4 g6 2. c4 Bg7 3. Nf3 d6 4. Nc3 Nf6 5. g3 O-O 6. Bg2 Nbd7 7. O-O e5 8. e4
c6 9. b3 Re8 10. h3 a6 11. Be3 Qe7 12. Qc2 Qf8 13. Rad1 Nh5 14. Bc1 Rb8 15. a4
Bf6 16. Ba3 Be7 17. Bb2 Bf6 18. Rd2 Qg7 19. Rfd1 Nf8 20. Ne2 Ne6 21. d5 Ng5 22.
g4 c5 23. gxh5 Nxh3+ 24. Kf1 a5 25. Bc1 b6 26. Rd3 g5 27. Bxh3 Bxh3+ 28. Ke1
Bg4 29. Ng3 h6 30. R1d2 Bd8 31. Ng1 Bc7 32. N1e2 Rbd8 33. Nc3 Rf8 34. Re3 Qf6
35. Nf5 Kh7 36. Rg3 Bxh5 37. Rh3 Bg4 38. Rxh6+ Qxh6 39. Nxh6 Kxh6 40. Rd3 f6
41. Ne2 Rh8 42. Rg3 Bh5 43. Rh3 Kg7 44. Rxh5 Rxh5 45. Ng3 Rhh8 46. Qe2 Rh7 47.
Qg4 Kh8 48. Qe6 Kg7 49. Ke2 1-0

[Event "Elit(Farsta-Upsala)"]
[Site "?"]
[Date "2010.02.06"]
[Round "7"]
[White "Lundvik, Jonas"]
[Black "Svensk, Ingemar"]
[Result "1-0"]
[WhiteElo "2330"]
[BlackElo "2259"]
[PlyCount "59"]

1. d4 Nf6 2. Nf3 d5 3. c4 e6 4. cxd5 exd5 5. Qc2 c6 6. Nc3 Be7 7. Bf4 Na6 8. a3
Nc7 9. e3 Ne6 10. Be5 O-O 11. Bd3 Re8 12. O-O-O g6 13. h4 Ng7 14. Ng5 Bf5 15.
Bxf5 Nxf5 16. h5 Ng4 17. hxg6 fxg6 18. Nxh7 Bh4 19. g3 Kxh7 20. gxh4 Nxe5 21.
dxe5 Rxe5 22. h5 Nh4 23. Rdg1 Rg5 24. Ne2 Nf3 25. hxg6+ Kg8 26. Rd1 Qf6 27. Nf4
Re8 28. Rh3 Re4 29. Kb1 Qf5 30. Rxf3 1-0

[Event "Elit(Farsta-Upsala)"]
[Site "?"]
[Date "2010.02.06"]
[Round "7"]
[White "Jaderberg, Bjorn"]
[Black "Johansson, Thomas"]
[Result "1/2-1/2"]
[WhiteElo "2243"]
[BlackElo "2190"]
[PlyCount "122"]
[EventDate "2010.??.??"]

1. c4 e5 2. Nc3 Nf6 3. g3 d5 4. cxd5 Nxd5 5. Bg2 Nb6 6. Nf3 Nc6 7. O-O Be7 8.
d3 O-O 9. a3 Be6 10. b4 f6 11. Be3 a5 12. b5 Nd4 13. Nd2 Rb8 14. f4 Nd5 15.
Bxd4 exd4 16. Nxd5 Bxd5 17. Bxd5+ Qxd5 18. Qb3 Rfd8 19. Rfc1 c6 20. Qxd5+ Rxd5
21. bxc6 bxc6 22. Rxc6 Rb2 23. Re6 Kf7 24. Nc4 Rc2 25. Re4 f5 26. Re5 Rxe5 27.
Nxe5+ Ke6 28. Kf1 Rc3 29. Nc4 a4 30. Rb1 Bxa3 31. Rb6+ Kd5 32. Ra6 Bc5 33. Rxa4
Rc1+ 34. Kf2 Rh1 35. Kg2 Re1 36. Ra2 Rb1 37. Ra8 Rb7 38. Re8 Re7 39. Rxe7 Bxe7
40. Kf3 Bf6 41. h3 h5 42. Nd2 Bd8 43. g4 hxg4+ 44. hxg4 Ke6 45. Kg3 fxg4 46.
Kxg4 g6 47. Nf3 Bf6 48. Ng5+ Kd5 49. f5 gxf5+ 50. Kxf5 Bd8 51. Ne6 Bh4 52. Nf4+
Kd6 53. Ke4 Bf6 54. Ng2 Kc5 55. Ne1 Kb4 56. Nf3 Kc3 57. Kd5 Bg7 58. Ne5 Kd2 59.
Ke4 Kxe2 60. Nf3 Bh8 61. Nxd4+ Kd2 1/2-1/2

[Event "Elit(Farsta-Upsala)"]
[Site "?"]
[Date "2010.02.06"]
[Round "7"]
[White "Lindberg, Henrik"]
[Black "Wieweg, Johnny"]
[Result "1/2-1/2"]
[WhiteElo "2265"]
[BlackElo "2215"]
[PlyCount "67"]
[EventDate "2010.??.??"]

1. e4 e5 2. Nf3 Nc6 3. Nc3 g6 4. d4 exd4 5. Nxd4 Bg7 6. Be3 Nf6 7. Nxc6 bxc6 8.
e5 Nd5 9. Nxd5 cxd5 10. Qxd5 Rb8 11. Bc4 O-O 12. O-O d6 13. exd6 Be6 14. Qc6
Qxd6 15. Qxd6 cxd6 16. Bb3 Rfc8 17. Bxa7 Ra8 18. Be3 Bxb2 19. Rab1 Bxb3 20.
cxb3 Rxa2 21. Rfd1 Rc3 22. Rxd6 Rxb3 23. g4 Ra1 24. Rd8+ Kg7 25. Rdd1 Rba3 26.
Kg2 h6 27. h4 Rxb1 28. Rxb1 Bf6 29. g5 hxg5 30. hxg5 Be5 31. Rb5 Ba1 32. Rb1
Be5 33. Rb5 Ba1 34. Rb1 1/2-1/2

[Event "Elit(Farsta-Upsala)"]
[Site "?"]
[Date "2010.02.06"]
[Round "7"]
[White "Iversen, Kent"]
[Black "Fallman, Micael"]
[Result "1/2-1/2"]
[WhiteElo "2078"]
[BlackElo "2198"]
[PlyCount "49"]

1. Nf3 Nf6 2. g3 g6 3. Bg2 Bg7 4. O-O O-O 5. c4 d6 6. d4 Nbd7 7. Nc3 e5 8. dxe5
dxe5 9. Qc2 c6 10. h3 Re8 11. Rd1 Qc7 12. Be3 Bf8 13. a3 Nc5 14. b4 Ne6 15.
Rac1 Ng7 16. Bg5 Be7 17. Qb2 Ne6 18. Bh6 Bf8 19. Be3 Bg7 20. Nd5 Qb8 21. Nxf6+
Bxf6 22. Rd2 Qc7 23. c5 Bg7 24. Qb3 Nf8 25. Ng5 1/2-1/2

[Event "Elit(Manhem-Rockaden,Sthlm)"]
[Site "?"]
[Date "2010.02.06"]
[Round "7"]
[White "Blomqvist, Erik"]
[Black "Nithander, Victor"]
[Result "0-1"]
[WhiteElo "2497"]
[BlackElo "2489"]
[PlyCount "108"]

1. d4 Nf6 2. c4 g6 3. Nc3 Bg7 4. e4 d6 5. f3 O-O 6. Be3 c5 7. Nge2 Nc6 8. d5
Ne5 9. Ng3 e6 10. Be2 exd5 11. cxd5 Bd7 12. O-O Qa5 13. h3 b5 14. f4 Nc4 15.
Bxc4 bxc4 16. e5 Ne8 17. Nge4 Rb8 18. Rf2 f5 19. Nd2 Rxb2 20. Qc1 Rxd2 21. Bxd2
dxe5 22. fxe5 Bxe5 23. Rf3 Qa6 24. Rb1 Nf6 25. Bf4 Bd4+ 26. Kh1 Re8 27. a4 Ne4
28. Nb5 Bxb5 29. axb5 Qa2 30. Ra3 Qe2 31. d6 c3 32. Rxa7 Nf2+ 33. Kh2 Nd3 34.
d7 Rd8 35. Qf1 Nxf4 36. Qxe2 Nxe2 37. Ra2 Be5+ 38. g3 Nxg3 39. b6 Rxd7 40. b7
Ne4+ 41. Kg2 Bb8 42. Ra8 Rd8 43. Rd1 Rf8 44. Ra6 Nd6 45. Rb6 Nc4 46. Re6 c2 47.
Rc1 Bf4 48. Rxc2 Ne3+ 49. Kf3 Nxc2 50. Kxf4 Kf7 51. Rc6 Rb8 52. Rxc5 Nd4 53.
Ke5 Ne6 54. Rc6 Rxb7 0-1

[Event "Elit(Manhem-Rockaden,Sthlm)"]
[Site "?"]
[Date "2010.02.06"]
[Round "7"]
[White "Winsnes, Rikard"]
[Black "Barkhagen, Jonas"]
[Result "1/2-1/2"]
[WhiteElo "2496"]
[BlackElo "2517"]
[PlyCount "86"]

1. e4 c5 2. Nf3 d6 3. d4 cxd4 4. Nxd4 Nf6 5. Nc3 Nc6 6. Bg5 e6 7. Qd2 a6 8.
O-O-O Bd7 9. f3 Rc8 10. Nxc6 Bxc6 11. Ne2 h6 12. Be3 d5 13. e5 Nd7 14. f4 Nc5
15. Nd4 Ne4 16. Qe1 Bc5 17. Nb3 Be7 18. Bd3 Qc7 19. Kb1 h5 20. g3 Bd7 21. Rf1
g6 22. h3 a5 23. Bxe4 dxe4 24. Qxa5 Qxc2+ 25. Ka1 Qc4 26. Rc1 Qd3 27. Bc5 Bd8
28. Qb4 Qb5 29. Qxe4 Bc6 30. Qb4 Qxb4 31. Bxb4 h4 32. g4 Be7 33. Ba5 Ra8 34.
Rc3 Bd5 35. Bb6 Bb4 36. Re3 O-O 37. a3 Rfc8 38. Kb1 Be7 39. Rc1 Rxc1+ 40. Nxc1
Rc8 41. g5 Rc6 42. Bd4 Rc4 43. Ne2 Bg2 1/2-1/2

[Event "Elit(Manhem-Rockaden,Sthlm)"]
[Site "?"]
[Date "2010.02.06"]
[Round "7"]
[White "Bator, Robert"]
[Black "Welin, Mats"]
[Result "0-1"]
[WhiteElo "2500"]
[BlackElo "2357"]
[PlyCount "112"]

1. d4 Nf6 2. Nf3 d5 3. c4 e6 4. g3 dxc4 5. Qa4+ Nbd7 6. Bg2 a6 7. Qxc4 b5 8.
Qc2 Bb7 9. O-O c5 10. Bg5 Qb6 11. a4 Rc8 12. axb5 axb5 13. Rc1 Be7 14. Ne5 Bxg2
15. Kxg2 Qb7+ 16. Nf3 O-O 17. dxc5 Nxc5 18. Nc3 b4 19. Bxf6 Bxf6 20. Nd1 Rfd8
21. Qc4 Nd3 22. Qxd3 Rxd3 23. Rxc8+ Qxc8 24. exd3 h5 25. Ne1 Qc6+ 26. f3 Bg5
27. Kf2 Qc5+ 28. Kf1 Bd2 29. Nf2 Qe5 30. d4 Qxd4 31. Ned3 Be3 32. Ra8+ Kh7 33.
b3 Qd5 34. Rb8 Bxf2 35. Nxf2 Qxb3 36. Rb7 Qc4+ 37. Ke1 Qc6 38. Rxf7 Qc3+ 39.
Ke2 b3 40. Ne4 Qb4 41. Rf4 Qb5+ 42. Kf2 b2 43. Nd2 Qd3 44. Ke1 Qe3+ 45. Kd1
Qg1+ 46. Kc2 Qc1+ 47. Kd3 b1=Q+ 48. Nxb1 Qxb1+ 49. Kc3 Qe1+ 50. Kd3 Qf2 51. Rh4
Qxf3+ 52. Kd4 g5 53. Re4 Qf2+ 54. Ke5 Qxh2 55. Re3 Qf2 56. Rb3 Qf5+ 0-1

[Event "Elit(Manhem-Rockaden,Sthlm)"]
[Site "?"]
[Date "2010.02.06"]
[Round "7"]
[White "Carlhammar, Magnus"]
[Black "Engqvist, Thomas"]
[Result "1/2-1/2"]
[WhiteElo "2328"]
[BlackElo "2450"]
[PlyCount "151"]

1. Nf3 d5 2. g3 c6 3. Bg2 Bg4 4. b3 Nd7 5. Bb2 Qc7 6. c4 e6 7. d3 Ngf6 8. Nbd2
Rd8 9. Qc2 Bb4 10. O-O O-O 11. a3 Bxd2 12. Qxd2 dxc4 13. bxc4 e5 14. Qe3 Qb6
15. Qxb6 axb6 16. h3 Bxf3 17. Bxf3 Rfe8 18. Rfb1 Nc5 19. Bc1 e4 20. dxe4 Rd1+
21. Kg2 Rxc1 22. Rxc1 Nb3 23. Rab1 Nxc1 24. Rxc1 Nxe4 25. Bxe4 Rxe4 26. e3 g5
27. Kf3 Re6 28. Rb1 c5 29. Rd1 Rf6+ 30. Kg2 Re6 31. Rd7 Re4 32. Rxb7 Rxc4 33.
Rxb6 Rc3 34. a4 Ra3 35. Rb5 Rxa4 36. Rxc5 h6 37. g4 Kg7 38. Kg3 Ra1 39. h4 Rg1+
40. Kf3 Kg6 41. h5+ Kf6 42. Rc6+ Kg7 43. Rc4 Kf6 44. Ra4 Kg7 45. Ke2 Kf6 46. f3
Rb1 47. Kd3 Rd1+ 48. Ke4 Re1 49. Ra6+ Kg7 50. Ra5 Kf6 51. Rf5+ Kg7 52. Ra5 Kf6
53. Ra3 Re2 54. Kd4 Rd2+ 55. Rd3 Ra2 56. e4 Ke6 57. Rb3 Ra4+ 58. Ke3 Kf6 59.
Rc3 Rb4 60. f4 gxf4+ 61. Kxf4 Rb1 62. e5+ Kg7 63. Rc4 Rf1+ 64. Ke4 Rd1 65. Kf5
Rf1+ 66. Rf4 Re1 67. Rf3 Re2 68. Kf4 Re1 69. Re3 Rf1+ 70. Kg3 Rg1+ 71. Kf3 Rf1+
72. Kg2 Ra1 73. Kg3 Rg1+ 74. Kf3 Rf1+ 75. Kg3 Rg1+ 76. Kf3 1/2-1/2

[Event "Elit(Manhem-Rockaden,Sthlm)"]
[Site "?"]
[Date "2010.02.06"]
[Round "7"]
[White "Hedman, Erik"]
[Black "Vas, Peter"]
[Result "1-0"]
[WhiteElo "2438"]
[BlackElo "2392"]
[PlyCount "59"]

1. e4 e5 2. Bc4 Nf6 3. Nc3 Bb4 4. Qf3 d6 5. Nd5 Nxd5 6. Bxd5 O-O 7. Ne2 c6 8.
Bb3 Be6 9. Bxe6 fxe6 10. Qb3 Qf6 11. O-O a5 12. c3 Bc5 13. d4 a4 14. Qc4 b5 15.
Qd3 Ba7 16. Be3 d5 17. f4 exd4 18. Nxd4 Bxd4 19. Bxd4 Qh6 20. exd5 exd5 21.
Rae1 Nd7 22. Re7 Nf6 23. Qe2 Rac8 24. Qe6+ Kh8 25. Rf3 Qg6 26. h3 Nh5 27. Qe3
Rce8 28. f5 Rxe7 29. fxg6 Rfe8 30. Qxe7 1-0

[Event "Elit(Manhem-Rockaden,Sthlm)"]
[Site "?"]
[Date "2010.02.06"]
[Round "7"]
[White "Akesson, Joel"]
[Black "Zadruzny, Nicolaj"]
[Result "1/2-1/2"]
[WhiteElo "2377"]
[BlackElo "2311"]
[PlyCount "55"]

1. d4 e6 2. c4 f5 3. g3 Nf6 4. Bg2 Bb4+ 5. Nd2 O-O 6. Ngf3 b6 7. a3 Bxd2+ 8.
Nxd2 Nc6 9. d5 Ne7 10. dxe6 d5 11. cxd5 Nexd5 12. O-O Bxe6 13. Nf3 c5 14. Ng5
Qe7 15. Nxe6 Qxe6 16. Qc2 Rad8 17. Bg5 h6 18. Bxf6 Nxf6 19. Rad1 Ne4 20. Rxd8
Rxd8 21. Rd1 Rxd1+ 22. Qxd1 Qe5 23. Qd8+ Kh7 24. Qd7 Nf6 25. Qd2 Ne4 26. Qd7
Nf6 27. Qd2 Ne4 28. Qd7 1/2-1/2

[Event "Elit(Manhem-Rockaden,Sthlm)"]
[Site "?"]
[Date "2010.02.06"]
[Round "7"]
[White "Olofsson, Dan"]
[Black "Moberg, Karl Johan"]
[Result "0-1"]
[WhiteElo "2225"]
[BlackElo "2322"]
[PlyCount "54"]

1. e4 e5 2. Nf3 Nc6 3. Bb5 a6 4. Ba4 Nf6 5. O-O b5 6. Bb3 Bc5 7. c3 d6 8. a4
Bb7 9. d4 Bb6 10. Bg5 exd4 11. cxd4 h6 12. axb5 Nxd4 13. Bxf6 Qxf6 14. Nxd4
Qxd4 15. bxa6 Rxa6 16. Qxd4 Bxd4 17. Nc3 O-O 18. Bd5 Rxa1 19. Rxa1 Rb8 20. Rd1
c5 21. Ne2 Bxd5 22. Nxd4 Bxe4 23. f3 Bg6 24. Nc6 Rxb2 25. Rxd6 c4 26. Ne5 c3
27. Nxg6 fxg6 0-1

[Event "Elit(Manhem-Rockaden,Sthlm)"]
[Site "?"]
[Date "2010.02.06"]
[Round "7"]
[White "Fendrich, David"]
[Black "Bryntze, Stefan"]
[Result "1-0"]
[WhiteElo "2271"]
[BlackElo "2251"]
[PlyCount "63"]

1. c4 f5 2. g3 Nf6 3. Bg2 e6 4. Nf3 b6 5. O-O Bb7 6. d3 Be7 7. e4 fxe4 8. Ng5
O-O 9. Nc3 e5 10. Be3 Nc6 11. Ncxe4 Qe8 12. f4 Nxe4 13. Nxe4 Qg6 14. Nc3 Bd6
15. fxe5 Bxe5 16. Be4 Qd6 17. Qh5 g6 18. Qh3 Rae8 19. Bd5+ Kh8 20. Ne4 Qe7 21.
Bg5 Qb4 22. Nf6 Bxf6 23. Bxf6+ Rxf6 24. Rxf6 Re1+ 25. Rxe1 Qxe1+ 26. Qf1 Qe3+
27. Kh1 Qd4 28. Rf8+ Kg7 29. Rf7+ Kh8 30. Qh3 h5 31. Qxd7 Ne7 32. Rf8+ 1-0

[Event "Elit(Vasteras-Wasa)"]
[Site "?"]
[Date "2010.02.06"]
[Round "7"]
[White "Lejlic, Samir"]
[Black "Akesson, Ralf"]
[Result "0-1"]
[WhiteElo "2341"]
[BlackElo "2504"]
[PlyCount "61"]
[SourceDate "2010.02.11"]

1. d4 Nf6 2. Bg5 e6 3. e4 h6 4. Bxf6 Qxf6 5. Nc3 Bb4 6. Qd2 d6 7. Nge2 e5 8. a3
Bxc3 9. Nxc3 c6 10. d5 Nd7 11. dxc6 bxc6 12. Rd1 Ke7 13. Be2 Nf8 14. h4 Ng6 15.
h5 Nf4 16. Bf1 Rd8 17. f3 a5 18. Na4 Qg5 19. Kf2 Ba6 20. g3 Bxf1 21. Rhxf1 Nxh5
22. Qxg5+ hxg5 23. c4 Rab8 24. Rd2 Nf6 25. g4 Rh8 26. Kg3 Rh4 27. Rfd1 Rbh8 28.
Kf2 Rh2+ 29. Ke3 Nxg4+ 30. Kd3 Nf2+ 31. Kc2 0-1

[Event "Elit(Vasteras-Wasa)"]
[Site "?"]
[Date "2010.02.06"]
[Round "7"]
[White "Sjodahl, Pontus"]
[Black "Wedberg, Tom"]
[Result "1/2-1/2"]
[WhiteElo "2466"]
[BlackElo "2560"]
[PlyCount "80"]

1. d4 Nf6 2. c4 e6 3. Nf3 c5 4. d5 d6 5. Nc3 exd5 6. cxd5 g6 7. h3 a6 8. a4 Qe7
9. Bf4 Nbd7 10. e3 Bg7 11. Be2 O-O 12. O-O Ne8 13. Qd2 Rb8 14. Rab1 Nc7 15.
Rfd1 a5 16. e4 b6 17. Bc4 f6 18. Re1 Ne5 19. Be2 Bd7 20. Ra1 Rbe8 21. Nxe5 fxe5
22. Bg5 Bf6 23. Be3 Ra8 24. Kh2 Rfb8 25. g3 Qd8 26. Kg2 b5 27. axb5 Nxb5 28.
Nxb5 Bxb5 29. Bg4 a4 30. Be6+ Kh8 31. Ra3 Be8 32. Rea1 Rb4 33. Qc2 Rab8 34.
R1a2 Qb6 35. Bc1 Rb3 36. Bg4 Bb5 37. Be2 Bd7 38. Bc4 Rxa3 39. Rxa3 Qb4 40. Qe2
Qb7 1/2-1/2

[Event "Elit(Vasteras-Wasa)"]
[Site "?"]
[Date "2010.02.07"]
[Round "7"]
[White "Astrom, Goran"]
[Black "Eriksson, Johan"]
[Result "0-1"]
[WhiteElo "2299"]
[BlackElo "2440"]
[PlyCount "73"]

1. e4 c5 2. Nf3 d6 3. d4 cxd4 4. Nxd4 Nf6 5. Nc3 a6 6. f3 e6 7. Be3 Nc6 8. Qd2
Be7 9. O-O-O O-O 10. g4 Nxd4 11. Bxd4 b5 12. Kb1 Qc7 13. Bd3 b4 14. Ne2 e5 15.
Be3 Be6 16. g5 Nh5 17. f4 exf4 18. Nxf4 Nxf4 19. Bxf4 a5 20. Rhe1 Rfb8 21. Bf1
Rc8 22. Rc1 Rab8 23. Red1 Rd8 24. c4 bxc3 25. Rxc3 Qd7 26. Bc4 Rb4 27. Rdc1
Rdb8 28. R1c2 g6 29. a3 R4b7 30. Ba6 Rb6 31. Rc8+ Bf8 32. Rxb8 Rxb8 33. Bc4
Bxc4 34. Rxc4 Qb7 35. Rc2 Qxe4 36. Bg3 Bg7 37. Qxa5 0-1

[Event "Elit(Vasteras-Wasa)"]
[Site "?"]
[Date "2010.02.07"]
[Round "7"]
[White "Eriksson, Anders"]
[Black "Nordstrom, Felix"]
[Result "1/2-1/2"]
[WhiteElo "2362"]
[BlackElo "2191"]
[PlyCount "49"]

1. Nf3 d5 2. g3 g6 3. Bg2 Bg7 4. c4 c6 5. d4 Nf6 6. O-O O-O 7. cxd5 cxd5 8. Ne5
Nc6 9. Nxc6 bxc6 10. Nc3 e6 11. Na4 Nd7 12. Be3 Ba6 13. Qd2 Bb5 14. Nc3 Qb6 15.
Rfc1 Rfc8 16. Rc2 Bf8 17. Nxb5 cxb5 18. Rac1 Qa6 19. Rxc8 Rxc8 20. Rxc8 Qxc8
21. f3 Nb8 22. Bf2 Qa6 23. a3 b4 24. axb4 Nc6 25. e3 1/2-1/2

[Event "Elit(Vasteras-Wasa)"]
[Site "?"]
[Date "2010.02.06"]
[Round "7"]
[White "Soderberg, Per"]
[Black "Brustkern, Jurgen"]
[Result "0-1"]
[WhiteElo "2209"]
[BlackElo "2305"]
[PlyCount "133"]
[EventDate "2010.??.??"]

1. e4 d5 2. exd5 Qxd5 3. Nc3 Qd6 4. d4 Nf6 5. Bc4 a6 6. Bb3 e6 7. Nge2 b5 8.
Bf4 Qd8 9. d5 c5 10. dxc6 Qxd1+ 11. Rxd1 Nxc6 12. O-O Bb7 13. Ng3 Na5 14. Rfe1
Bb4 15. Bd6 Bxd6 16. Rxd6 O-O 17. Nge4 Rfc8 18. h3 Nxe4 19. Nxe4 Nc4 20. Bxc4
Rxc4 21. Red1 Kf8 22. Ng5 Bd5 23. Rd2 Rc7 24. Rb6 h6 25. Nf3 Bxa2 26. b3 Bb1
27. Ne1 Ke7 28. Kf1 Rac8 29. Rxa6 Bxc2 30. Nxc2 Rxc2 31. Rxc2 Rxc2 32. Rb6 Rc5
33. b4 Rf5 34. g4 Rd5 35. Kg2 h5 36. Kg3 hxg4 37. hxg4 g5 38. f3 f6 39. Kf2 Kd7
40. Kg3 Re5 41. Rb7+ Kd6 42. Rg7 Kd5 43. Rg6 Kc4 44. Rxf6 Kxb4 45. f4 gxf4+ 46.
Kxf4 Re1 47. g5 Kc3 48. g6 b4 49. g7 Rg1 50. Rf7 b3 51. Rc7+ Kd3 52. Rd7+ Kc2
53. Rc7+ Kb1 54. Ke5 Rg6 55. Rb7 b2 56. Rc7 Ka2 57. Ra7+ Kb3 58. Rb7+ Kc3 59.
Rc7+ Kd3 60. Rd7+ Kc2 61. Rc7+ Kb1 62. Rb7 Rg2 63. Kxe6 Kc1 64. Rc7+ Kd1 65.
Rd7+ Ke1 66. Rb7 Rxg7 67. Rxb2 0-1

[Event "Elit(Vasteras-Wasa)"]
[Site "?"]
[Date "2010.02.07"]
[Round "7"]
[White "Norberg, Johan"]
[Black "Collett, Peter"]
[Result "1-0"]
[WhiteElo "2339"]
[BlackElo "2172"]
[PlyCount "73"]

1. e4 e5 2. Nf3 Nc6 3. Nc3 Nf6 4. d4 exd4 5. Nxd4 Bb4 6. Nxc6 bxc6 7. Bd3 d5 8.
exd5 cxd5 9. O-O O-O 10. Bg5 c6 11. Qf3 Be7 12. h3 Re8 13. Rfe1 Rb8 14. b3 Be6
15. Ne2 c5 16. Nf4 Rb6 17. Rad1 Rd6 18. c4 d4 19. Bxf6 Bxf6 20. Qh5 g6 21. Qxc5
Ra6 22. Bb1 Ra5 23. Qc6 Bd7 24. Rxe8+ Bxe8 25. Qf3 Re5 26. Be4 Bg7 27. b4 Ba4
28. Rb1 Qe8 29. Bd5 Re1+ 30. Rxe1 Qxe1+ 31. Kh2 Bd1 32. Ne2 Be5+ 33. g3 Kg7 34.
Qxf7+ Kh6 35. Qf8+ Kh5 36. Bf3+ Kg5 37. h4# 1-0

[Event "Elit(Vasteras-Wasa)"]
[Site "?"]
[Date "2010.02.06"]
[Round "7"]
[White "Berkell, Peder"]
[Black "Norberg, Erik"]
[Result "1/2-1/2"]
[WhiteElo "2171"]
[BlackElo "2246"]
[PlyCount "61"]

1. f4 c5 2. g3 g6 3. Bg2 Bg7 4. d3 Nc6 5. Nc3 e6 6. e4 d6 7. Nf3 Nge7 8. O-O
O-O 9. Be3 Nd4 10. e5 dxe5 11. fxe5 Nec6 12. Ne4 Nxf3+ 13. Qxf3 Nxe5 14. Qe2 f5
15. Bxc5 fxe4 16. Bxf8 Qd4+ 17. Kh1 exd3 18. cxd3 Bxf8 19. Rf4 Qd6 20. d4 Nc6
21. d5 Nd8 22. dxe6 Nxe6 23. Re4 Nc5 24. Re8 Bg4 25. Rxf8+ Rxf8 26. Qxg4 Nd3
27. Qc4+ Kg7 28. Bd5 Nf2+ 29. Kg2 Ng4 30. Qc3+ Rf6 31. Bf3 1/2-1/2